000 00312nam a2200133Ia 4500
008 191201s2012 xx 000 0 und d
100 _aDWIVEDI, D N
245 0 _aManagerial Economics
250 _aRep
260 _c2012
_bVikas Publication House
_aN. Delhi
300 _a704
650 _aMBA
942 _2ddc
_cBB
999 _c7554
_d7554